000 00334nam a2200133Ia 4500
008 240624s9999 xx 000 0 und d
041 _aeng
082 _a657.45 SPE
100 _aSPELMAN MARK
245 _aPRODUCTIVITY AUDIT
260 _aUK
_bCambridge Strategy Publications Ltd
300 _a121 : p. : cm. ; 29
365 _cRS
_b50
999 _c28490
_d28490